Nồng độ và thời gian áp dụng thuốc diệt cỏ TOK trên lúa IR-442

保存先:
書誌詳細
第一著者: Trương Chí ựờng
フォーマット: 図書
言語:Undetermined
出版事項: Cần Thơ Viện Đại Học Cần Thơ - Trường Cao Đẳng Nông Nghiệp 1973
主題:
タグ: タグ追加
タグなし, このレコードへの初めてのタグを付けませんか!
Thư viện lưu trữ: Trung tâm Học liệu Trường Đại học Cần Thơ
LEADER 00674nam a2200181Ia 4500
001 CTU_33529
008 210402s9999 xx 000 0 und d
082 |a 632.954 
082 |b U561 
100 |a Trương Chí ựờng 
245 0 |a Nồng độ và thời gian áp dụng thuốc diệt cỏ TOK trên lúa IR-442 
245 0 |c Trương Chí ựờng 
260 |a Cần Thơ 
260 |b Viện Đại Học Cần Thơ - Trường Cao Đẳng Nông Nghiệp 
260 |c 1973 
650 |a rice, effect of herbicides on,weeds - control 
904 |i Minh, 991101 
980 |a Trung tâm Học liệu Trường Đại học Cần Thơ